Boccaccio (Record no. 157090)

MARC details
000 -LEADER
campo de control de longitud fija 00990nam a2200217 i 4500
001 - NÚMERO DE CONTROL
campo de control 157090
003 - IDENTIFICADOR DE NÚMERO DE CONTROL
campo de control ES-MaACL
005 - FECHA Y HORA DE LA ÚLTIMA TRANSACCIÓN
campo de control 20250824074922.0
008 - DATOS DE LONGITUD FIJA--INFORMACIÓN GENERAL
campo de control de longitud fija 040809s1882 sp |||| | spa d
100 1# - ENTRADA PRINCIPAL--NOMBRE DE PERSONA
Nombre de persona Larra y Wetoret, Luis Mariano de,
Fechas asociadas al nombre 1830-1901
9 (RLIN) 70289
245 10 - MENCIÓN DEL TÍTULO
Título Boccaccio
Resto del título : zarzuela en tres actos y en verso /
Mención de responsabilidad, etc. por Luis Mariano de Larra ; imitación de la ópera-cómica alemana de Camilo Walzel y Ricardo Genée ; música de Franz de Suppé.
260 ## - PUBLICACIÓN, DISTRIBUCIÓN, ETC.
Lugar de publicación, distribución, etc. Madrid :
Nombre del editor, distribuidor, etc. [Hijos de A. Gullón editores],
Fecha de publicación, distribución, etc. 1882 (
Fabricante Imp. de Cosme Rodríguez)
300 ## - DESCRIPCIÓN FÍSICA
Extensión 103 p. ;
Dimensiones 21 cm.
490 1# - MENCIÓN DE SERIE
Mención de serie El teatro : colección de obras dramáticas y líricas
500 ## - NOTA GENERAL
Nota general Representada en el Teatro de la Zarzuela el 12 de diciembre de 1882.
596 ## - NOTA AL PIE DE IMPRENTA
NOTA AL PIE DE IMPRENTA Ed. y mención de serie tomadas de cub.
700 1# - ENTRADA AGREGADA--NOMBRE PERSONAL
Nombre de persona Suppé, Franz de.
9 (RLIN) 108806
830 03 - PUNTO DE ACCESO ADICIONAL DE SERIE-TÍTULO UNIFORME
Título uniforme El teatro: colección de obras dramática y líricas
9 (RLIN) 221753
852 ## - LOCALIZACIÓN
Ubicación ES-MaACL
Número de control de estantería D-818
Nota libre - Rust.
Holdings
Estatus retirado Estado de pérdida Estado de daño No para préstamo Colección Biblioteca de origen Biblioteca actual Ubicación en estantería Fecha de adquisición Fuente de adquisición Total de préstamos Signatura topográfica completa Código de barras Visto por última vez Precio de reemplazo Tipo de ítem Koha
        Libros del s. XIX Biblioteca del Ateneo de Madrid Biblioteca del Ateneo de Madrid Sala Valle Inclán 17/01/2008     D-818 901164361 23/02/2023 23/02/2023 Libro impreso antiguo